000 00750nam a22002177a 4500
999 _c65532
_d65532
005 20240530110829.0
008 190903s2007 ua a g b 000 0 ara d
017 _a2007/14369
_bمصر. دار الكتب
020 _a977408537x
040 _aEG-CaGPL
_cEG-CaGPL
082 0 4 _221
_a239.9\
_bم س
100 0 _aمدحت منصور المظالى
245 1 2 _aالسلف الصالح /
_cتأليف مدحت منصور المظالى
250 _aط.1
260 _aالقاهرة :
_bدار الفاروق للاستثمارات الثقافية،
_c2007
300 _a128 ص. ؛
_c24 سم.
650 0 7 _2qrmak
_aالصحابة والتابعون
651 _2qrmak
942 _2ddc
_cBK